000 00560nam a2200181 i 4500
001 74797
003 ES-MaACL
005 20240620063116.0
007 t|
008 040921s1960 sp ||||1| spa d
100 1 _aGranell, Manuel,
_d1906-1993
_959620
245 1 0 _aOrtega y su filosofía /
_cManuel Granell.
260 _aMadrid :
_bRevista de Occidente,
_c[1960]
300 _a211 p. ;
_c18 cm.
600 1 4 _aOrtega y Gasset, José,
_d1883-1955-
_xCrítica e interpretación
_987505
852 _aES-MaACL
_jC-19814
999 _c74797
_d74797